Летчики-штурмовики знакомят с боевой техникой делегацию Тувинской Народной Республики, прибывшую с подарками в Н-скую авиачасть

RUSMARC
00004963ckm0a2200313#x 450
001b64dd13c-eb63-4bd8-8d99-5eb2107aae03
00520240703140525.0
100##$a20240502j194303##k###0rusy50 ca
1010#$arus
102##$aRU
116##$afiybxx####zz####zz
1220#$ad194303####
2001#$aЛетчики-штурмовики знакомят с боевой техникой делегацию Тувинской Народной Республики, прибывшую с подарками в Н-скую авиачасть
$jМарт 1943 г.
251##$cДокумент
300##$aФотография
300##$aФотограф Д. Чернов
461#0$12001
$aФ. 4п
$1251
$cФонд
$1852
$j4п
462#0$12001
$aОп. 33а
$1251
$cОпись
$1852
$j33а
462#0$12001
$aД. 13
$vЛ. 643
$1251
$cДело
$1852
$j13
605##$aВторая мировая война в архивных документах (Комплекс оцифрованных архивных документов, кино- и фотоматериалов)
$lколлекция
$2acquisition_Prlib
$3LIBNET\UAF\0000088514
605##$aТыва, Республика: страницы истории
$lколлекция
$2acquisition_Prlib
$3LIBNET\UAF\0000064274
6061#$2nlr_sh
$3RU\NLR\AUTH\6615750
$aВеликая Отечественная война
$z1941 - 1945
$xГерои и героизм
$jФотографии
6061#$2nlr_sh1
$3RU\NLR\AUTH\66184932
$aВеликая Отечественная война
$z1941 - 1945
$yТувинская автономная область
$jФотографии
608##$2prlib_sh
$3LIBNET\UAF\0000102864
$aДокументальные фотографии
$z1943
686##$a63.3(2)622-8я61
$2rubbk
$vLBC/M
801#0$aRU
$bПБ им. Б.Н. Ельцина
$c20240502
801#1$aRU
$bПБ им. Б.Н. Ельцина
$c20240502
$2rusmarc
801#2$aRU
$bПБ им. Б.Н. Ельцина
$c20240503
$2rusmarc
850##$aРоссийский государственный военный архив
852##$aРГВА
$jЛ. 643
035##$aLIBNET\0001397282
937##$d191930332
$hФедеральное архивное агентство
8564#$uhttp://readingroom.main.prlib.ru/item.aspx?id_node=n191930332&mode=full
Формат отображения
из 2